|
|
|
|
| LEADER |
01816cas a2200313 a 4500 |
| 001 |
AALejournalIMF007933 |
| 008 |
230101c9999 xx r poo 0 0eng d |
| 020 |
|
|
|c 5.00 USD
|
| 020 |
|
|
|z 9781451843170
|
| 022 |
|
|
|a 1018-5941
|
| 040 |
|
|
|a BD-DhAAL
|c BD-DhAAL
|
| 100 |
1 |
|
|a Tanzi, Vito.
|
| 245 |
1 |
0 |
|a Theory and Policy :
|b A Commenton Dixit andon Current Tax Theory /
|c Vito Tanzi.
|
| 264 |
|
1 |
|a Washington, D.C. :
|b International Monetary Fund,
|c 1992.
|
| 300 |
|
|
|a 1 online resource (12 pages)
|
| 490 |
1 |
|
|a IMF Working Papers
|
| 500 |
|
|
|a <strong>Off-Campus Access:</strong> No User ID or Password Required
|
| 500 |
|
|
|a <strong>On-Campus Access:</strong> No User ID or Password Required
|
| 506 |
|
|
|a Electronic access restricted to authorized BRAC University faculty, staff and students
|
| 520 |
3 |
|
|a In a recent paper Professor Dixit criticized the argument that when collection lags characterize tax systems, recourse to inflationary finance should be minimized. He argued that, in such case, rather than minimizing recourse to inflationary finance, the rates of the commodity taxes should be adjusted to maintain them at an optimal level and, thus, to minimize welfare costs. This paper shows that the requirements for following Dixit's policy prescription are almost impossible to meet. The paper argues that more attention should be paid by tax theorists to the constraints under which tax reforms are made.
|
| 538 |
|
|
|a Mode of access: Internet
|
| 650 |
|
7 |
|a Cost
|2 imf
|
| 650 |
|
7 |
|a Dixit
|2 imf
|
| 650 |
|
7 |
|a Inflation Tax
|2 imf
|
| 650 |
|
7 |
|a Tax Rate
|2 imf
|
| 650 |
|
7 |
|a WP
|2 imf
|
| 651 |
|
7 |
|a Brazil
|2 imf
|
| 830 |
|
0 |
|a IMF Working Papers; Working Paper ;
|v No. 1992/015
|
| 856 |
4 |
0 |
|z Full text available on IMF
|u http://elibrary.imf.org/view/journals/001/1992/015/001.1992.issue-015-en.xml
|z IMF e-Library
|